Bilecik Bilecik Bilecik Bilecik Bilecik

XVI. Yüzyil Osmanlı efendisi Muṣṭafā Alī : (Record no. 66405)

MARC details
000 -BAŞLIK
Sabit Uzunluktaki Kontrol Alanı 01883nam a22003977a 4500
001 - KONTROL NUMARASI
Control Dosyası 0066022
003 - KONTROL NUMARASI KİMLİĞİ
Kontrol Alanı KOHA_MİRAKIL
005 - EN SON İŞLEM TARİHİ ve ZAMANI
Kontrol Alanı 20260207004625.0
007 - FİZİKSEL TANIM SABİT ALAN - GENEL BİLGİ
Sabit uzunluklu kontrol alanı ta
008 - SABİT UZUNLUKTAKİ VERİ ÖGELERİ - GENEL BİLGİ
Sabit Alan 210310b2003 tu |||gr||||#0|||0|tur |
040 ## - KATALOGLAMA KAYNAĞI
Özgün Kataloglama Kurumu TR-BiSEU
Kataloglama Dili tur
Çeviri Kurumu TR-BiSEU
Açıklama Kuralları rda
041 0# - DİL KODU
Metin ya da ses kaydının dil kodu tur
044 ## - YAYINLAYAN/ÜRETEN KURULUŞUN ÜLKE KODU
ISO country code tu
050 ## - SINIFLAMA ve YER NUMARASI
Sınıflama Numarası DR432
Yer Numarası .M87 2003
100 0# - KİŞİ ADI
Yazar Adı (Kişi adı) Mustafa bin Ahmet Ali.
240 10 - TEK BİÇİM BAŞLIK
Tekbiçim Başlık <a href="The Ottoman Gentleman of the sixteenth century : Al's meva'idu'n-nafa'is fi kava'idi'l-mecalis">The Ottoman Gentleman of the sixteenth century : Al's meva'idu'n-nafa'is fi kava'idi'l-mecalis</a>
Language of a work Türkçe
245 1# - ESER ADI BİLDİRİMİ
Başlık XVI. Yüzyil Osmanlı efendisi Muṣṭafā Alī :
Alt Eseradı vb. Mevāidün-Nefāis fī kavāidil-mecālis =
-- The Ottoman Gentleman of the sixteenth century :
-- Al's meva'idu'n-nafa'is fi kava'idi'l-mecalis/
Sorumluluk Bildirimi Mustafa bin Ahmet Ali ; Mustafa bin Ahmet Ali; açılamalarla Ingilizceye çeviren Douglas S. Broukes.
264 #1 - ÜRERİM, YAYIN, DAĞITIM ve TELİF BİLDİRİMİ
Yayın yeri Cambridge, Mass. :
Yayınlayan Dept. of Near Eastern Languages and Civilizations Harvard University
Yayın tarihi 2003
300 ## - FİZİKSEL TANIMLAMA
Sayfa, Cilt vb. XX, 193 sayfa ;
Boyutları 28 cm.
336 ## - İÇERİK TÜRÜ
Content type term metin
Content type code txt
Source rdacontent
337 ## - MEDYA TÜRÜ
Media type term aracısız
Media type code n
Source rdamedia
338 ## - TAŞIYICI TÜRÜ
Carrier type term cilt
Carrier type code nc
Source rdacarrier
490 1# - DİZİ BİLDİRİMİ
Dizi Bildirimi Doğu dilleri ve edebiyatlarının kaynakları ;
Cilt Numarası 59.
490 1# - DİZİ BİLDİRİMİ
Dizi Bildirimi Türkçe kaynakları ;
Cilt Numarası 51 =
Dizi Bildirimi Sources of Oriental languages and literatures ;
Cilt Numarası 59.
490 1# - DİZİ BİLDİRİMİ
Dizi Bildirimi Turkish sources ;
Cilt Numarası 51
500 ## - GENEL NOT
Genel Not Kaynakça ve dizin var.
650 #0 - KONU BAŞLIĞI EK GİRİŞ - KONU TERİMİ
Konusal terim veya coğrafi ad Türkiye--Tarih--Osmanlı İmparatorluğu, 1288-1918--Kaynaklar.
9 (RLIN) 124384
650 #0 - KONU BAŞLIĞI EK GİRİŞ - KONU TERİMİ
Konusal terim veya coğrafi ad Etiquette--Turkey.
9 (RLIN) 64248
650 #0 - KONU BAŞLIĞI EK GİRİŞ - KONU TERİMİ
Konusal terim veya coğrafi ad Turkey--Social life and customs--16th century--Sources.
9 (RLIN) 124385
650 #0 - KONU BAŞLIĞI EK GİRİŞ - KONU TERİMİ
Konusal terim veya coğrafi ad Turkey--History--Ottoman Empire, 1288-1918--Sources.
9 (RLIN) 73551
830 1# - SERİ EK GİRİŞİ - TEKBİÇİM ESER ADI
Tekbiçim Başlık Doğu dilleri ve edebiyatlarının kaynakları ;
Volume number/sequential designation 59.
9 (RLIN) 85097
830 1# - SERİ EK GİRİŞİ - TEKBİÇİM ESER ADI
Tekbiçim Başlık Türkçe kaynakları ;
Volume number/sequential designation 51 =
Tekbiçim Başlık Sources of Oriental languages and literatures ;
Volume number/sequential designation 59.
9 (RLIN) 124302
830 1# - SERİ EK GİRİŞİ - TEKBİÇİM ESER ADI
Tekbiçim Başlık Turkish sources ;
Volume number/sequential designation 51
9 (RLIN) 124190
907 ## - LOCAL DATA ELEMENT G, LDG (RLIN)
a Tarih
942 ## - EK GİRİŞ ÖGELERİ (KOHA)
Source of classification or shelving scheme Library of Congress Classification
Koha item type Book
Holdings
Materyal Türü Kalıcı Konum Mevcut Konum Raf Yeri Sınıflandırma Kaynağı Edinim Bilgisi Ana Konular Alt Konular Yer Numarası Demirbaş Numarası Fatura Tarihi Geri Çekilme Durumu Kayıp Durumu Hasarlı Durumu Kredi için değil Kayıt Tarih Toplam Ödünçverme Son Görülme Tarihi Son Kontrol Tarihi Genel / Bağış Notu
Book Prof. Dr. Azmi Özcan Kütüphanesi Prof. Dr. Azmi Özcan Kütüphanesi Uluğbey Salonu Library of Congress Classification Bağış DÜNYA TARİHİ (AVRUPA, ASYA, AFRİKA VB.) Balkan Yarımadası DR432 .M87 2003 0066022 02/02/2026         10/03/2021   05/03/2025 05/03/2025 Millet Kütüphanesi [Cumhurbaşkanlığı Külliyesi]